Normal view
MARC view
- Zhura, B.M
Entry Personal Name
001 - CONTROL NUMBER
- control field: 5399
003 - CONTROL NUMBER IDENTIFIER
- control field: OSt
005 - DATE AND TIME OF LATEST TRANSACTION
- control field: 20230225152204.0
008 - FIXED-LENGTH DATA ELEMENTS
- fixed length control field: 230225|| aca||aabn | a|a d
040 ## - CATALOGING SOURCE
- Original cataloging agency: OSt
- Transcribing agency: OSt
100 ## - HEADING--PERSONAL NAME
- Personal name: Zhura, B.M
670 ## - SOURCE DATA FOUND
- Source citation: Work cat.: (OSt)17641: Zhura, B.M, Ummakkuttiyude kunjikkinavukal, 2023
